Statistics for I Vocabulary Words Quiz #2

Click here to take the quiz!

General Stats

  • This quiz has been taken 25,001 times
  • The average score is 13 of 20

Answer Stats

Defintion Word % Correct
Hormone that regulates blood sugarInsulin
90%
Not capable of dyingImmortal
87%
Not vulnerable to a diseaseImmune
87%
Front teeth of certain mammals,
including humans
Incisor
83%
To warm eggs for hatchingIncubate
80%
Predecessor to modern refrigeratorsIcebox
79%
Poetic version of islandIsle
79%
Graven imageIdol
78%
Monetary earningsIncome
76%
Short, mischievous demonImp
74%
1/9th of a typical baseball gameInning
71%
Inability to sleepInsomnia
64%
Islamic mosque leaderImam
59%
Native to a particular regionIndigenous
59%
Lacking knowledgeIgnorant
55%
Non-reactive (in chemistry)Inert
45%
Lazy; slothfulIdle or Indolent
44%
Type of wild mountain goatIbex
35%
Syrup used to induce vomitingIpecac
34%
Small hospital within a larger institutionInfirmary
24%

Score Distribution

Percentile by Number Answered

Percent of People with Each Score

Your Score History

You have not taken this quiz